APEC Schools

The Grief survival guide : (Record no. 9074)

000 -LEADER
fixed length control field nam a22 7a 4500
005 - DATE AND TIME OF LATEST TRANSACTION
control field 20220110063828.0
008 - FIXED-LENGTH DATA ELEMENTS--GENERAL INFORMATION
fixed length control field 220110b xxu||||| |||| 00| 0 eng d
020 ## - IDENTIFIER FOR THE MANIFESTATION
Identifier for the Manifestation 9781473660250
Binding hard bound
040 ## - CATALOGING SOURCE
Language of Cataloging eng
Transcribing Agency APEC Schools Library
Description Conventions rda
082 ## - DEWEY DECIMAL CLASSIFICATION NUMBER
Classification number C 155.937
Author's Number B8274g 2017
100 ## - CREATOR
Preferred Name of the Person Brazier, Jeff
245 ## - TITLE AND STATEMENT OF RESPONSIBILITY
Preferred Title Proper The Grief survival guide :
Remainder of Title how to navigate loss and all that comes with it /
Statement of Responsibility/Parallel Statement of Responsibility Jeff Brazier
264 ## - PUBLICATION STATEMENT
Place of publication, distribution, etc London ;
Publisher's Name/Parallel Publisher's Name Hodder & Stoughton,
Copyright ©2017.
300 ## - PHYSICAL DESCRIPTION
Extent viii, 456 pages.
336 ## - RDA CONTENT
Source rdacontent
Content Type text
337 ## - RDA MEDIA
Source rdamedia
Media Type unmediated
338 ## - RDA CARRIER
Source rdacarrier
Carrier Type volume
650 ## - ADDED SUBJECT ACCESS POINT - TOPICAL TERM
Topical Term Grief.
942 ## - ADDED ENTRY ELEMENTS (KOHA)
Source of Classification
Koha Item Type Non Fiction
Holdings
Library Site Location Shelving Location Source of Acquisition Full Classification Number Accession Number Koha Item Type
APEC Bacoor Library APEC Bacoor Library Circulation Institutional Fund C 155.937 B8274g 2017 B04-0000582 Non Fiction
APEC C. Raymundo Library APEC C. Raymundo Library Circulation Institutional Fund C 155.937 B8274g 2017 A07-0000505 Non Fiction
APEC Dasmarinas Library APEC Dasmarinas Library Circulation Institutional Fund C 155.937 B8274g 2017 B03-0000544 Non Fiction
APEC Marikina Heights Library APEC Marikina Heights Library Circulation Institutional Fund C 155.937 B8274g 2017 A08-0000414 Non Fiction
APEC San Pablo, Laguna Library APEC San Pablo, Laguna Library Circulation Institutional Fund C 155.937 B8274g 2017 D01-0000256 Non Fiction
APEC V. Luna Library APEC V. Luna Library Circulation Institutional Fund C 155.937 B8274g 2017 A01-0000428 Non Fiction

Powered by Koha